[Event "9. Miedzynardowy Turniej Klubu Polonia Wroclaw<br/>Turniej OPEN"]
[Site "Wroclaw"]
[Date "2014-07-05"]
[Round "8.5"]
[White "Starczewska, Dominika"]
[Black "Oszczanowski, Witold"]
[Result "0-1"]
[WhiteTitle "k"]
[BlackTitle "I++"]
[WhiteElo "1981"]
[BlackElo "2086"]

1. d4 Nf6 2. c4 e6 3. Nc3 Bb4 4. Bd2 c5 5. Nf3 O-O 6. e3 Bxc3 7. Bxc3 Ne4 8. Qc2
Nxc3 9. bxc3 d6 10. Bd3 h6 11. O-O Nc6 12. Rab1 Qc7 13. Kh1 f5 14. e4 f4 15. e5
dxe5 16. Nh4 g5 17. Ng6 Rf6 18. dxe5 Nxe5 19. Nxe5 Qxe5 20. Rfd1 Qc7 21. Bh7+
Kf8 22. Be4 Rb8 23. Rd2 Rf7 24. Qd1 Bd7 25. Qh5 Rf6 26. Rbd1 Ba4 27. Rb1 b6 28.
h4 gxh4 29. Qxh4 Qe5 30. Bf3 Qg5 31. Qh3 Qf5 32. Qxf5 Rxf5 33. Re1 Rf6 34. Bg4
Ke7 35. Re5 Rg8 36. Bf3 Rd8 37. Rxd8 Kxd8 38. Re2 Ke7 39. Rd2 Rf8 40. Bg4 Rg8
41. f3 Bc6 42. Kh2 Bb7 43. Kh3 Rg6 44. Kh4 Ba6 45. Re2 Bxc4 46. Re4 b5 47. a4
Bd3 48. Re5 Kd6 49. Re1 bxa4 50. Re5 Kxe5 0-1

[Event "9. Miedzynardowy Turniej Klubu Polonia Wroclaw<br/>Turniej OPEN"]
[Site "Wroclaw"]
[Date "2014-07-05"]
[Round "8.6"]
[White "Reza, Wojciech"]
[Black "Koszkul, Wojciech"]
[Result "1/2-1/2"]
[WhiteTitle "I++"]
[BlackTitle "I+"]
[WhiteElo "2168"]
[BlackElo "1987"]

1. c4 Nf6 2. Nc3 d5 3. d4 e6 4. cxd5 exd5 5. Bg5 Be7 6. e3 O-O 7. Bd3 h6 8. Bf4
c6 9. h3 Be6 10. Nf3 Nbd7 11. O-O Re8 12. Rb1 a6 13. Rc1 Rc8 14. Bb1 c5 15. dxc5
Nxc5 16. Nd4 Qb6 17. Qe2 Nce4 18. Nxe4 Nxe4 19. Be5 Bd6 20. Bxd6 Qxd6 21. Rfd1
Nf6 22. a3 Qb6 23. Qd2 Bd7 24. Bd3 Ne4 25. Bxe4 dxe4 26. Qb4 Qxb4 27. axb4 Rxc1
28. Rxc1 Rc8 29. Rxc8+ Bxc8 30. Kf1 1/2-1/2

[Event "9. Miedzynardowy Turniej Klubu Polonia Wroclaw<br/>Turniej OPEN"]
[Site "Wroclaw"]
[Date "2014-07-05"]
[Round "8.7"]
[White "Dadello, Aleksandra"]
[Black "Kanicki, Krzysztof"]
[Result "0-1"]
[WhiteTitle "I++"]
[BlackTitle "I"]
[WhiteElo "1880"]
[BlackElo "2028"]

1. e4 c5 2. Nf3 Nc6 3. d4 cxd4 4. Nxd4 Nf6 5. Nc3 d6 6. Bg5 Bd7 7. Qd2 Rc8 8. O-O-O
Nxd4 9. Qxd4 Qa5 10. Bxf6 gxf6 11. Kb1 Qc5 12. f4 Qxd4 13. Rxd4 Rc5 14. Be2 f5
15. exf5 Bg7 16. Rd2 Bxc3 17. bxc3 Bxf5 18. Kb2 Kd7 19. Bd3 Rhc8 20. Bxf5+ Rxf5
21. g3 Rb5+ 22. Ka1 Rxc3 23. Re1 e6 24. Red1 Rc6 25. c4 Rbc5 26. Rb2 b6 27. Rf2
Rxc4 28. f5 Rc1+ 29. Rxc1 Rxc1+ 30. Kb2 Rc5 31. fxe6+ Kxe6 32. Re2+ Re5 33. Rc2
b5 34. Kb3 a5 35. Rc8 Re3+ 0-1

[Event "9. Miedzynardowy Turniej Klubu Polonia Wroclaw<br/>Turniej OPEN"]
[Site "Wroclaw"]
[Date "2014-07-05"]
[Round "8.8"]
[White "Grela, Kacper"]
[Black "Paczka, Patryk"]
[Result "1/2-1/2"]
[WhiteTitle "I+"]
[BlackTitle "II+"]
[WhiteElo "2007"]
[BlackElo "1815"]

1. e4 c5 2. c3 d5 3. exd5 Qxd5 4. d4 Nf6 5. Nf3 Bg4 6. dxc5 Qxd1+ 7. Kxd1 e5 8.
b4 e4 9. h3 Bh5 10. g4 Nxg4 11. hxg4 Bxg4 12. Nbd2 exf3 13. Nc4 Nd7 14. Bf4 f6
15. Bd3 Kf7 16. Kc2 h5 17. Rhe1 g5 18. Bd6 Be6 19. Rad1 b5 20. Nd2 Bxd6 21. cxd6
Ne5 22. Bxb5 a6 23. Ba4 a5 24. b5 Bxa2 25. Rxe5 fxe5 26. c4 h4 27. Kb2 Bxc4 28.
Nxc4 Ke6 29. b6 g4 30. b7 Rab8 31. Bc6 h3 32. Bd5+ Kf5 33. d7 h2 34. Nd6+ Kf4
35. Nf7 Rhf8 36. d8=Q Rfxd8 37. Nxd8 Rxd8 38. Kc3 g3 39. fxg3+ Kxg3 40. Bxf3 Rxd1
41. b8=Q Kxf3 42. Qb7+ 1/2-1/2

[Event "9. Miedzynardowy Turniej Klubu Polonia Wroclaw<br/>Turniej OPEN"]
[Site "Wroclaw"]
[Date "2014-07-05"]
[Round "8.9"]
[White "Teclaf, Pawel"]
[Black "Kolasinski, Krzysztof"]
[Result "0-1"]
[WhiteTitle "CM"]
[BlackTitle "I++"]
[WhiteElo "1920"]
[BlackElo "1991"]

1. e4 c5 2. Nf3 Nc6 3. d4 cxd4 4. Nxd4 g6 5. c4 Bg7 6. Be3 Nf6 7. Nc3 d6 8. Be2
O-O 9. f3 Nxd4 10. Bxd4 Qa5 11. Qd2 Be6 12. Rc1 Rfc8 13. b3 Nd7 14. Be3 a6 15.
Nd5 Qd8 16. O-O a5 17. Rfd1 Nc5 18. Bg5 Bxd5 19. exd5 Qb6 20. Kh1 Bf6 21. Bxf6
exf6 22. Bf1 Re8 23. Qd4 Kg7 24. Re1 Qb4 25. Rxe8 Rxe8 26. Qc3 Qxc3 27. Rxc3 Re1
28. Kg1 Ra1 29. Rc2 f5 30. Kf2 Kf6 31. g3 g5 32. Be2 Ke5 33. Rd2 h5 34. Bf1 Kf6
35. Be2 g4 36. Kg2 Ke5 37. Bd1 Kf6 38. Be2 b6 39. Bd1 Nd7 40. Be2 Ne5 41. Bd1
Kg7 42. Be2 Kg6 43. Bd1 Rc1 44. Be2 Ra1 45. Bd1 Nd7 46. Be2 Nc5 47. Bd1 Kf6 48.
Be2 Na6 49. Bd1 Nb4 50. a4 Rb1 51. Kf2 Na6 52. Bc2 Rb2 53. Re2 Nc5 54. Bd1 Rb1
55. Bc2 Rc1 56. f4 Rh1 57. Ke3 Na6 58. Kd2 Nb4 59. Kc3 Rf1 60. Kb2 h4 61. Rg2
h3 62. Re2 Rg1 63. Kc3 Rg2 64. Bd1 Na6 65. Kd2 Nc5 66. Ke3 Ne4 67. Bc2 Rxe2+ 68.
Kxe2 Nxg3+ 69. Kf2 Nh5 70. Ke3 g3 71. Bd1 g2 72. Kf2 Nxf4 73. Kg1 Ke5 74. Kf2
Kd4 75. Bf3 Kc3 76. Bd1 Kd2 77. b4 Kxd1 0-1

[Event "9. Miedzynardowy Turniej Klubu Polonia Wroclaw<br/>Turniej OPEN"]
[Site "Wroclaw"]
[Date "2014-07-05"]
[Round "8.10"]
[White "Dobrowolski, Aleksander"]
[Black "Dzikowski, Michal"]
[Result "1/2-1/2"]
[WhiteTitle "m"]
[BlackTitle "I"]
[WhiteElo "2281"]
[BlackElo "1968"]

1. e4 c6 2. d4 d5 3. Nd2 dxe4 4. Nxe4 Nd7 5. Ng5 Ngf6 6. Bd3 e6 7. N1f3 Bd6 8.
Qe2 h6 9. Ne4 Nxe4 10. Qxe4 Nf6 11. Qe2 Qc7 12. Bd2 b6 13. O-O-O Bb7 14. Rhe1
O-O-O 15. Ba6 Rd7 16. Ne5 Bxe5 17. dxe5 Nd5 18. Bxb7+ Kxb7 19. c4 Ne7 20. Bb4
c5 21. Rxd7 Qxd7 22. Rd1 Qc7 23. Bc3 Kb8 24. Qf3 Rf8 25. g4 h5 26. h3 hxg4 27.
hxg4 Ng6 28. Rd6 Qb7 29. Qxb7+ Kxb7 30. Rd7+ Kb8 31. Kd2 a5 32. Ke3 Kc8 33. Rd6
Kc7 34. Ke4 Ne7 35. Rd3 Ng6 36. Rh3 Rh8 37. Rf3 Rf8 38. a4 Kd7 39. Rd3+ Kc7 40.
Rh3 Rh8 41. Rxh8 Nxh8 42. f4 Ng6 43. f5 Nf8 44. Kf4 Kd7 45. Kg5 Ke8 46. Bd2 Kd7
47. Bf4 Ke8 48. Bg3 Kd7 49. Kh5 Ke8 50. Kg5 Kd7 51. Kf4 Ke8 52. Ke4 Kd7 53. Bh4
Ke8 54. Bg3 1/2-1/2

[Event "9. Miedzynardowy Turniej Klubu Polonia Wroclaw<br/>Turniej OPEN"]
[Site "Wroclaw"]
[Date "2014-07-05"]
[Round "8.11"]
[White "Khamidov, Komil"]
[Black "White, John"]
[Result "1-0"]
[WhiteTitle "I++"]
[BlackTitle "II+"]
[WhiteElo "2098"]
[BlackElo "1973"]

1. e4 c5 2. Nf3 e6 3. d4 cxd4 4. Nxd4 a6 5. Nc3 Qc7 6. Bd3 Nf6 7. O-O Bc5 8. Nb3
Be7 9. f4 d6 10. Qf3 Nbd7 11. a4 b6 12. Bd2 Bb7 13. g4 g6 14. Rae1 O-O 15. g5
Nh5 16. Qh3 Rfe8 17. f5 exf5 18. exf5 Bf8 19. f6 Re5 20. Ne4 Rae8 21. Qg4 d5 22.
Nf2 Rxe1 23. Rxe1 Ne5 24. Qh3 d4 25. Kf1 Qd8 26. Be4 Bc8 27. Qg2 Nc4 28. Nd3 Nxf6
29. gxf6 Qxf6+ 30. Kg1 Qh4 31. Bg5 Qh3 32. Qxh3 Bxh3 33. Bf6 Nd6 34. Bg2 Rxe1+
35. Nxe1 b5 36. Bxh3 1-0

[Event "9. Miedzynardowy Turniej Klubu Polonia Wroclaw<br/>Turniej OPEN"]
[Site "Wroclaw"]
[Date "2014-07-05"]
[Round "8.12"]
[White "Szczepaniak, Lukasz"]
[Black "Krokay, Urszula"]
[Result "1/2-1/2"]
[WhiteTitle "I+"]
[BlackTitle "k"]
[WhiteElo "2055"]
[BlackElo "1961"]

1. c4 e5 2. Nc3 Nf6 3. g3 d5 4. cxd5 Nxd5 5. Bg2 Ne7 6. Nf3 Nbc6 7. O-O Nf5 8.
d3 Be7 9. a3 a5 10. Nd2 O-O 11. Nc4 Bf6 12. Ne4 Nd6 13. b3 Nxe4 14. Bxe4 Be7 15.
Bb2 f6 16. e3 Ra6 17. Rc1 Nb8 18. f4 b5 19. Nxe5 fxe5 20. Bxe5 Bh3 21. Bxc7 Qd7
22. Qh5 Rh6 23. Qd5+ Qxd5 24. Bxd5+ Be6 25. Bf3 Bxb3 26. Bxa5 Ra6 27. Bb4 Bxb4
28. axb4 Re8 29. Rc7 Rd6 30. Be4 Bd5 31. Ra1 Bxe4 32. dxe4 Na6 33. e5 Rb6 34.
Rd7 Kf8 35. Kf2 Re7 36. Rd6 Re6 37. Rd7 Re7 38. Rd6 Re6 39. Rd7 Nb8 40. Ra8 Re8
41. Rc7 Ra6 42. Raa7 Rxa7 43. Rxa7 Nc6 44. Rc7 Nxb4 45. Rb7 Nd3+ 46. Ke2 Nc5 47.
Rxb5 Ne6 48. Kf3 Re7 49. g4 Rc7 50. h4 Rc1 51. f5 Nc7 52. Rb8+ Kf7 53. Rb7 Kf8
54. g5 Ne8 55. e4 Rf1+ 56. Kg4 Re1 57. Rb4 Re2 58. e6 Ke7 59. Kf4 Rh2 60. Rb7+
Kf8 61. Kg4 Re2 62. Rb4 Re1 63. h5 Rg1+ 64. Kf4 Rh1 65. h6 gxh6 66. gxh6 Rxh6
67. Rb8 Rh1 68. f6 Rf1+ 69. Ke5 Rxf6 70. Rxe8+ Kxe8 71. Kxf6 h5 72. Kg5 Ke7 73.
Kxh5 Kxe6 74. Kg4 Ke5 75. Kf3 Ke6 76. Kf4 Kf6 77. e5+ Ke6 78. Ke4 Ke7 79. Kf5
Kf7 80. e6+ Ke8 81. Kf6 Kf8 82. e7+ Ke8 83. Ke6 1/2-1/2

[Event "9. Miedzynardowy Turniej Klubu Polonia Wroclaw<br/>Turniej OPEN"]
[Site "Wroclaw"]
[Date "2014-07-05"]
[Round "8.14"]
[White "Kowalczyk, Mariusz"]
[Black "Daniel, Damian"]
[Result "1-0"]
[WhiteTitle "I"]
[BlackTitle "I"]
[WhiteElo "1987"]
[BlackElo "1869"]

1. f4 d5 2. Nf3 Nf6 3. b3 g6 4. Bb2 Bg7 5. e3 c5 6. Be2 Nc6 7. O-O O-O 8. h3 d4
9. exd4 Nxd4 10. Nxd4 cxd4 11. Na3 a6 12. Nc4 b5 13. Ne5 Bb7 14. Bf3 Bxf3 15.
Qxf3 Qd6 16. Nc6 Nd5 17. Qxd5 Qc7 18. Qe4 1-0

[Event "9. Miedzynardowy Turniej Klubu Polonia Wroclaw<br/>Turniej OPEN"]
[Site "Wroclaw"]
[Date "2014-07-05"]
[Round "8.15"]
[White "Ochowicz, Jakub"]
[Black "Janocha, Wieslaw"]
[Result "0-1"]
[WhiteTitle "II"]
[BlackTitle "FM"]
[WhiteElo "1692"]
[BlackElo "2291"]

1. e4 e5 2. Nf3 Nc6 3. Bb5 a6 4. Bxc6 dxc6 5. O-O Qd6 6. Na3 b5 7. b3 Bg4 8. h3
Bh5 9. Bb2 f6 10. d3 Ne7 11. Qe2 c5 12. c3 Nc6 13. Nc2 Be7 14. Rfd1 O-O 15. Ne3
Qe6 16. g4 Bg6 17. Nh4 Bf7 18. Kg2 Rad8 19. Qf3 Rd7 20. Rd2 Rfd8 21. Rad1 Bf8
22. Kf1 g6 23. Ke2 Bh6 24. Rg1 c4 25. bxc4 bxc4 26. Rgd1 cxd3+ 27. Rxd3 Rxd3 28.
Rxd3 Qxa2 29. Rxd8+ Nxd8 30. Nd1 Bc1 31. Qxf6 Ne6 32. Nf5 gxf5 33. gxf5 Qc4+ 34.
Kf3 Ng5+ 35. Kg2 Qxe4+ 36. Kf1 Qh1+ 37. Ke2 Bc4# 0-1

[Event "9. Miedzynardowy Turniej Klubu Polonia Wroclaw<br/>Turniej OPEN"]
[Site "Wroclaw"]
[Date "2014-07-05"]
[Round "8.16"]
[White "Grossmann, Ryszard"]
[Black "Rostolis, Riccardo"]
[Result "1-0"]
[WhiteTitle "FM"]
[BlackTitle ""]
[WhiteElo "2150"]
[BlackElo "1870"]

1. d4 Nf6 2. Nf3 g6 3. c4 Bg7 4. Nc3 O-O 5. e4 d6 6. Be2 e5 7. Be3 Nc6 8. d5 Ne7
9. Nd2 Nd7 10. Qc2 f5 11. f3 a6 12. b4 b6 13. Nb3 f4 14. Bf2 g5 15. c5 Ng6 16.
c6 Nf6 17. O-O-O g4 18. a4 h5 19. Nd2 Rf7 20. Nc4 Bh6 21. Kb2 Rb8 22. b5 a5 23.
Na2 Ne8 24. Nc1 Nh4 25. Rhg1 Rg7 26. Nb3 Ra8 27. Qd3 Ng6 28. Qc3 g3 29. hxg3 fxg3
30. Bxg3 Qg5 31. Bf2 Nf4 32. Bf1 Qf6 33. g3 Nh3 34. Bxh3 Bxh3 35. Nbd2 Rf7 36.
Rde1 Rb8 37. Re2 Ng7 38. Be1 Rbf8 39. Rh2 Bc8 40. Rgh1 Qg5 41. Qd3 Rf6 42. Bf2
Bg4 43. Be3 Qg6 44. fxg4 R6f7 45. Nf3 1-0

[Event "9. Miedzynardowy Turniej Klubu Polonia Wroclaw<br/>Turniej OPEN"]
[Site "Wroclaw"]
[Date "2014-07-05"]
[Round "8.17"]
[White "Wozniak, Mariola"]
[Black "Korpalski, Maciej"]
[Result "1-0"]
[WhiteTitle "WCM"]
[BlackTitle "II+"]
[WhiteElo "2092"]
[BlackElo "1745"]

1. e4 c5 2. Nf3 d6 3. d4 cxd4 4. Nxd4 Nf6 5. Nc3 e6 6. Be2 a6 7. a4 Qc7 8. O-O
b6 9. f4 Bb7 10. Bf3 Nbd7 11. Kh1 Be7 12. Qe1 Rd8 13. e5 dxe5 14. fxe5 Nxe5 15.
Ndb5 axb5 16. Nxb5 Qb8 17. Bxb7 Neg4 18. Bc6+ Kf8 19. Bf4 e5 20. Bg3 Qc8 21. Be4
g6 22. h3 h5 23. Bd3 Qc5 24. b4 Qxb4 25. Qxb4 Bxb4 26. hxg4 hxg4+ 27. Kg1 Nh5
28. Bf2 g3 29. Bxb6 Nf4 30. Rf3 Re8 31. c3 g5 32. Re1 Nd5 33. cxb4 Nxb6 34. Rff1
Re7 35. Nd6 Rh4 36. Nxf7 Rxb4 37. Nxe5+ 1-0

[Event "9. Miedzynardowy Turniej Klubu Polonia Wroclaw<br/>Turniej OPEN"]
[Site "Wroclaw"]
[Date "2014-07-05"]
[Round "8.18"]
[White "Somyk, Marcin"]
[Black "Kowalczyk, Mateusz"]
[Result "1-0"]
[WhiteTitle "I++"]
[BlackTitle "II+"]
[WhiteElo "1965"]
[BlackElo "1608"]

1. e4 e5 2. Nf3 Nc6 3. d4 exd4 4. Nxd4 Bc5 5. Nxc6 Qf6 6. Qf3 Qxf3 7. gxf3 dxc6
8. Bf4 Bd6 9. Be3 Be6 10. f4 f6 11. Rg1 g6 12. Nd2 O-O-O 13. Bd3 Bb4 14. Ke2 Bxd2
15. Bxd2 Ne7 16. Be3 f5 17. f3 a5 18. a3 a4 19. Rad1 b6 20. Rd2 Kb7 21. Rgd1 Rd6
22. Kf2 Rhd8 23. Be2 Nc8 24. Bd4 c5 25. Bc3 Rxd2 26. Rxd2 Rxd2 27. Bxd2 Nd6 28.
e5 Nc4 29. Bc1 Kc6 30. Kg3 Kd7 31. Kh4 h6 32. Kg3 c6 33. Kf2 Bd5 34. Bd1 Na5 35.
Bd2 Nc4 36. Bc3 Ke6 37. Be2 Kd7 38. Bd3 Ke6 39. Ke2 Kd7 40. Kf2 Ke6 41. Be2 Kd7
42. Ke1 Ke6 43. Kd1 Ne3+ 44. Kc1 Ng2 45. Ba6 Nxf4 46. Bc8+ Ke7 47. Bd2 g5 48.
Bxf4 gxf4 49. Bxf5 Bxf3 50. Kd2 Bd5 51. Ke2 b5 52. c3 c4 53. Kf2 c5 54. Ke2 Bc6
55. h4 Kf7 56. Kf2 Ke7 57. Kg1 Bd7 58. Be4 Ke6 59. Kf2 Kxe5 60. Bg6 Bf5 61. Be8
Bc2 62. Bxb5 Bb3 63. Bc6 Kf5 64. Bf3 Bc2 65. Be2 Ke4 66. Bxc4 f3 67. Bf7 Kf4 68.
Be6 Be4 69. Bd7 Bc2 70. Bh3 Bd1 71. Bc8 Ke4 72. Ba6 Kd5 73. Ke3 1-0

[Event "9. Miedzynardowy Turniej Klubu Polonia Wroclaw<br/>Turniej OPEN"]
[Site "Wroclaw"]
[Date "2014-07-05"]
[Round "8.19"]
[White "Dmochowska, Agnieszka"]
[Black "Marko, Piotr"]
[Result "1-0"]
[WhiteTitle "WCM"]
[BlackTitle "II"]
[WhiteElo "1876"]
[BlackElo "1628"]

1. d4 Nf6 2. c4 g6 3. Nc3 d5 4. cxd5 Nxd5 5. e4 Nxc3 6. bxc3 Bg7 7. Rb1 O-O 8.
Nf3 c5 9. Be2 Nc6 10. d5 Ne5 11. O-O Nxf3+ 12. Bxf3 Bxc3 13. Qc2 Bd4 14. Bh6 Re8
15. Be2 a6 16. Kh1 b5 17. f4 f5 18. Rbd1 e5 19. dxe6 Bxe6 20. e5 Qa5 21. Rd2 Rad8
22. Bg5 Rd7 23. Bf3 Be3 24. Rxd7 Bxd7 25. Qb3+ Be6 26. Bd5 Qb6 27. Bxe6+ Qxe6
28. Qxe3 Rc8 29. Qd2 b4 30. Rd1 a5 31. Qd6 Kf7 32. Qxe6+ Kxe6 33. Rd6+ Kf7 34.
e6+ Kg8 35. e7 Re8 36. Rc6 h6 37. Rxg6+ Kf7 38. Rxh6 c4 39. Rc6 c3 40. Kg1 a4
41. Kf2 Rb8 42. Rd6 c2 43. Rd8 1-0

[Event "9. Miedzynardowy Turniej Klubu Polonia Wroclaw<br/>Turniej OPEN"]
[Site "Wroclaw"]
[Date "2014-07-05"]
[Round "8.20"]
[White "Bebel, Agnieszka"]
[Black "Ilnicki, Tomasz"]
[Result "1-0"]
[WhiteTitle "I"]
[BlackTitle "II"]
[WhiteElo "1524"]
[BlackElo "1449"]

1. e4 c5 2. Nf3 d6 3. d4 cxd4 4. Nxd4 Nf6 5. f3 Nc6 6. c4 Bd7 7. Nc3 g6 8. Be3
Bg7 9. Qd2 a6 10. Be2 Rc8 11. O-O O-O 12. Rfd1 Ne5 13. b3 Qa5 14. Rac1 Kh8 15.
Bf1 Ng8 16. Nd5 Qxd2 17. Rxd2 Bc6 18. Nxc6 Nxc6 19. c5 dxc5 20. Rxc5 Be5 21. f4
Bb8 22. Rdc2 Rcd8 23. Bxa6 bxa6 24. Rxc6 Rd6 25. Rxd6 Bxd6 26. Bd4+ f6 27. e5
fxe5 28. fxe5 Bb8 29. e6+ Nf6 30. Nxf6 exf6 31. e7 Re8 32. Bxf6+ Kg8 33. Rd2 Bc7
34. Rd7 Kf7 35. Bh4 Be5 36. Kf1 Bxh2 37. Ra7 g5 38. Bxg5 h6 39. Bxh6 Bb8 40. Rxa6
Rf8 41. exf8=Q# 1-0

[Event "9. Miedzynardowy Turniej Klubu Polonia Wroclaw<br/>Turniej OPEN"]
[Site "Wroclaw"]
[Date "2014-07-05"]
[Round "8.21"]
[White "Lipski, Lukasz"]
[Black "Puszczewicz, Krzysztof"]
[Result "1/2-1/2"]
[WhiteTitle "II+"]
[BlackTitle "k"]
[WhiteElo "1595"]
[BlackElo "2026"]

1. e4 d6 2. d4 g6 3. Bc4 Bg7 4. Bg5 Nf6 5. Nd2 O-O 6. c3 b6 7. f4 Bb7 8. Qe2 d5
9. exd5 Bxd5 10. Bxf6 Bxc4 11. Bxe7 Qd7 12. Qxc4 Qxe7+ 13. Qe2 Qd6 14. Qf3 Re8+
15. Ne2 Nd7 16. O-O Rad8 17. Ng3 f5 18. Nc4 Bxd4+ 19. Kh1 Qc5 20. Nd2 1/2-1/2

[Event "9. Miedzynardowy Turniej Klubu Polonia Wroclaw<br/>Turniej OPEN"]
[Site "Wroclaw"]
[Date "2014-07-05"]
[Round "8.22"]
[White "Wasylkiewicz, Andrzej"]
[Black "Urban, Damian"]
[Result "1-0"]
[WhiteTitle "I"]
[BlackTitle "II"]
[WhiteElo "1785"]
[BlackElo "1381"]

1. e4 e6 2. Qe2 c5 3. d3 Nc6 4. Be3 Nf6 5. g3 d5 6. Bg2 d4 7. Bg5 h6 8. Bxf6 Qxf6
9. f4 e5 10. f5 Bd6 11. Nf3 b5 12. Nh4 Ba6 13. b3 Rb8 14. O-O O-O 15. Nd2 Rfc8
16. h3 Nb4 17. Ndf3 c4 18. Nh2 cxd3 19. cxd3 Rc2 20. Qd1 Qg5 21. a3 Qe3+ 22. Kh1
Rd2 23. Qg4 Nxd3 24. f6 Qg5 25. Qd7 Bc5 26. N2f3 Qxg3 27. Nxd2 Qxh4 28. fxg7 Nf2+
29. Rxf2 Qxf2 30. Rf1 1-0

[Event "9. Miedzynardowy Turniej Klubu Polonia Wroclaw<br/>Turniej OPEN"]
[Site "Wroclaw"]
[Date "2014-07-05"]
[Round "8.23"]
[White "Rossienik, Wieslaw"]
[Black "Drozd, Lukasz"]
[Result "0-1"]
[WhiteTitle "II"]
[BlackTitle "I"]
[WhiteElo "1498"]
[BlackElo "1761"]

1. e4 g6 2. d4 Bg7 3. Nf3 d6 4. Bd3 c5 5. dxc5 dxc5 6. c3 Nc6 7. O-O Nf6 8. Qe2
Bg4 9. h3 Bd7 10. Be3 b6 11. Na3 O-O 12. Rad1 Qc8 13. Ba6 Qb8 14. Bc1 Be6 15.
Bc4 Bxc4 16. Qxc4 Rc8 17. Qe2 a6 18. e5 Ne8 19. e6 f6 20. g3 b5 21. Nc2 Bf8 22.
Bf4 Qb6 23. Ne3 Nd8 24. Nd5 Qc6 25. Bh6 Ra7 26. Bxf8 Kxf8 27. Rfe1 Kg8 28. Qe3
Ng7 29. Qe4 Ndxe6 30. Nh4 Kf7 31. f4 Rd7 32. f5 gxf5 33. Nxf5 Nxf5 34. Qxf5 Ng7
35. Qf4 Rxd5 0-1

[Event "9. Miedzynardowy Turniej Klubu Polonia Wroclaw<br/>Turniej OPEN"]
[Site "Wroclaw"]
[Date "2014-07-05"]
[Round "8.24"]
[White "Jagiela, Piotr"]
[Black "Kucharska, Honorata"]
[Result "0-1"]
[WhiteTitle "I+"]
[BlackTitle "I+"]
[WhiteElo "1750"]
[BlackElo "1718"]

1. d4 d5 2. Nc3 e6 3. Nf3 Nf6 4. Bg5 Be7 5. e3 O-O 6. Bd3 Nbd7 7. Ne5 Nxe5 8. dxe5
Nd7 9. h4 f5 10. f4 c5 11. b3 Nb6 12. Be2 Bd7 13. Nb5 Bxb5 14. Bxb5 a6 15. Be2
Qc7 16. g4 c4 17. gxf5 Bb4+ 18. Kf2 Rxf5 19. Bg4 Raf8 20. Bxf5 Rxf5 21. Kg3 h6
22. Qh5 Rf7 23. Qg6 Qc5 24. Kf2 Bd2 25. Rh3 d4 26. Ke2 Qc6 27. Bxh6 Bxe3 28. Rg3
Nd5 29. Rf1 Ne7 30. Qh5 Nf5 31. Rxe3 dxe3 32. Qg6 Qe4 33. Rc1 Nd4+ 0-1

[Event "9. Miedzynardowy Turniej Klubu Polonia Wroclaw<br/>Turniej OPEN"]
[Site "Wroclaw"]
[Date "2014-07-05"]
[Round "8.25"]
[White "Musiala, Jakub"]
[Black "Kaczmarczyk, Jakub"]
[Result "0-1"]
[WhiteTitle "II"]
[BlackTitle "II"]
[WhiteElo "1394"]
[BlackElo "1506"]

1. e4 c6 2. d4 d5 3. Nd2 dxe4 4. Nxe4 Nd7 5. Nf3 Ngf6 6. Neg5 Qc7 7. c3 e6 8. Bd3
Bd6 9. Ne4 Nxe4 10. Bxe4 Nf6 11. Bd3 Bd7 12. O-O Bf4 13. Bxf4 Qxf4 14. Re1 O-O
15. Ne5 Rad8 16. Re3 g6 17. Rh3 Nd5 18. Qc2 Ne7 19. Re1 Qf6 20. Re4 Nf5 21. g4
Nd6 22. g5 Qxg5+ 23. Rg4 Qf6 24. Rgh4 h5 25. Qd2 Nf5 26. Bxf5 exf5 27. f4 Rfe8
28. Qf2 Qe6 29. b3 c5 30. dxc5 Bc6 31. Qf1 Rd2 32. Rg3 Qd5 33. Nf3 Rd1 34. Rxh5
Rxf1+ 35. Kxf1 Qd1+ 36. Kg2 Bxf3+ 37. Rxf3 gxh5 38. Rg3+ Kf8 39. c6 bxc6 40. a4
Re1 41. b4 Rg1+ 42. Kh3 Rxg3+ 43. hxg3 Qf1+ 0-1

[Event "9. Miedzynardowy Turniej Klubu Polonia Wroclaw<br/>Turniej OPEN"]
[Site "Wroclaw"]
[Date "2014-07-05"]
[Round "8.26"]
[White "Knap, Jerzy"]
[Black "Molenda, Maja"]
[Result "1-0"]
[WhiteTitle "I"]
[BlackTitle "II"]
[WhiteElo "1709"]
[BlackElo "1114"]

1. c4 c5 2. Nc3 Nf6 3. g3 Nc6 4. Bg2 e5 5. d3 Be7 6. Nf3 d5 7. cxd5 Nxd5 8. Nxd5
Qxd5 9. O-O O-O 10. Bd2 Qe6 11. Bc3 b5 12. Nxe5 Bb7 13. Nxc6 Bxc6 14. Bxc6 Qxc6
15. Rc1 Qg6 16. Qc2 b4 17. Bd2 h5 18. Be3 Rac8 19. d4 Qxc2 20. Rxc2 cxd4 21. Rxc8
Rxc8 22. Bxd4 Rc2 23. e3 Bc5 24. Bxc5 Rxc5 25. Rd1 Ra5 26. Rd4 Rb5 27. Kf1 a5
28. Ke2 a4 29. Kd3 b3 30. axb3 a3 31. Kc2 axb2 32. Kxb2 Rf5 33. Rf4 Rd5 34. h4
g5 35. hxg5 Rxg5 36. Kc3 Rc5+ 37. Kd4 Rb5 38. Kc4 Rb6 39. b4 Kf8 40. Kc5 Re6 41.
b5 Ke8 42. b6 Re5+ 43. Kc6 Re6+ 44. Kc7 Re7+ 45. Kc8 Kf8 46. Rd4 Re6 47. b7 Rb6
48. b8=Q Rxb8+ 49. Kxb8 1-0

[Event "9. Miedzynardowy Turniej Klubu Polonia Wroclaw<br/>Turniej OPEN"]
[Site "Wroclaw"]
[Date "2014-07-05"]
[Round "8.27"]
[White "Lascar, Radoslawa"]
[Black "Dadello, Barbara"]
[Result "1-0"]
[WhiteTitle "I"]
[BlackTitle "II+"]
[WhiteElo "1705"]
[BlackElo "1172"]

1. e4 c5 2. c3 Nf6 3. e5 Nd5 4. d4 cxd4 5. cxd4 e6 6. Nf3 d6 7. Bc4 Nb6 8. Bb3
d5 9. O-O Be7 10. Nc3 O-O 11. Qd3 Bd7 12. Bf4 Nc6 13. a3 Qc7 14. Rac1 a6 15. Ng5
Bxg5 16. Bxg5 h6 17. Bc2 g6 18. Bxh6 Rfd8 19. Qf3 f5 20. exf6 Be8 21. Qh3 Kf7
22. Bg7 Bd7 23. Qh7 Bc8 24. Bxg6# 1-0

[Event "9. Miedzynardowy Turniej Klubu Polonia Wroclaw<br/>Turniej OPEN"]
[Site "Wroclaw"]
[Date "2014-07-05"]
[Round "8.31"]
[White "Kalinowska, Karolina"]
[Black "Molenda, Mikolaj"]
[Result "1/2-1/2"]
[WhiteTitle "I"]
[BlackTitle "II"]
[WhiteElo "1515"]
[BlackElo "1410"]

1. e4 e5 2. Nf3 Nc6 3. Bc4 Bc5 4. c3 Nf6 5. d3 d6 6. Bb3 O-O 7. O-O h6 8. Nbd2
Bb6 9. h3 Be6 10. Re1 Qd7 11. Nf1 Rad8 12. Be3 Ne7 13. Qd2 Ng6 14. Rad1 c6 15.
Ng3 Qc7 16. Qc1 d5 17. exd5 Bxd5 18. Bxd5 Nxd5 19. Bxb6 Nxb6 20. Nf5 Rfe8 21.
Re4 Nd5 22. Nh2 Nf6 23. Re3 Nd5 24. Rg3 Ndf4 25. Qc2 Qa5 26. a3 e4 27. dxe4 Rxd1+
28. Qxd1 Rxe4 29. Ne3 Qb6 30. Qc2 Re6 31. Nf3 c5 32. Rg4 Qc6 33. Kh2 Nd5 34. Nf5
Rf6 35. N3h4 Qc7+ 36. Kg1 Qe5 37. Qe4 Qxe4 38. Rxe4 Nxh4 39. Nxh4 Re6 40. Rxe6
fxe6 41. Ng6 Nb6 42. Nf4 Kf7 43. Nd3 Na4 44. b3 Nxc3 45. Nxc5 b6 46. Nd3 Nb5 47.
a4 Nd4 48. b4 Kf6 49. Kf1 Nc6 50. Ke2 e5 51. Kd2 e4 52. b5 Ne5 53. Nb4 Kf5 54.
Kc3 g5 55. Nd5 g4 56. Ne3+ Kf4 57. Nd5+ Kg5 58. Kd4 Nd3 59. Kxe4 Nxf2+ 60. Ke3
gxh3 61. gxh3 Nxh3 62. Nb4 Nf4 63. Nc6 Ne6 64. Nxa7 Nc5 65. Nc8 Nxa4 66. Nd6 h5
67. Ne4+ Kh6 68. Kf4 Nb2 69. Kg3 Nd3 70. Kh4 Nf4 71. Kg3 Ne6 72. Kh4 Kg6 73. Ng3
Nf4 74. Ne4 Ng2+ 75. Kg3 Ne3 76. Kh4 Nf5+ 77. Kh3 Kh6 78. Nf6 Kg5 79. Nd5 1/2-1/2

[Event "9. Miedzynardowy Turniej Klubu Polonia Wroclaw<br/>Turniej OPEN"]
[Site "Wroclaw"]
[Date "2014-07-05"]
[Round "8.32"]
[White "Dytman, Radoslaw"]
[Black "Szotkowski, David"]
[Result "1-0"]
[WhiteTitle "II"]
[BlackTitle "III"]
[WhiteElo "1231"]
[BlackElo "1369"]

1. e4 Nf6 2. Nc3 d5 3. exd5 Nxd5 4. Bc4 c6 5. d3 g6 6. Nge2 Be6 7. Bxd5 Bxd5 8.
Nf4 Bg7 9. O-O O-O 10. Re1 e5 11. Nfxd5 cxd5 12. Qf3 Nc6 13. Qxd5 Qxd5 14. Nxd5
Nd4 15. Nb4 a5 16. c3 axb4 17. cxd4 exd4 18. Bd2 b3 19. axb3 Rac8 20. Rac1 Rfe8
21. Rxe8+ Rxe8 22. f3 Re7 23. Rc8+ Bf8 24. Bh6 1-0

[Event "9. Miedzynardowy Turniej Klubu Polonia Wroclaw<br/>Turniej OPEN"]
[Site "Wroclaw"]
[Date "2014-07-05"]
[Round "9.1"]
[White "Oszczanowski, Witold"]
[Black "Grabarczyk, Miroslaw"]
[Result "0-1"]
[WhiteTitle "I++"]
[BlackTitle "GM"]
[WhiteElo "2086"]
[BlackElo "2469"]

1. e4 e5 2. Nf3 Nc6 3. d4 exd4 4. Nxd4 Bc5 5. Be3 Qf6 6. c3 Nge7 7. g3 d5 8. Bg2
Nxd4 9. cxd4 Bb4+ 10. Nc3 Bxc3+ 11. bxc3 dxe4 12. Bxe4 O-O 13. O-O c6 14. Rb1
b6 15. Qh5 h6 16. Bf4 Bf5 17. Be5 Qg6 18. Qxg6 Bxg6 19. f3 Rad8 20. Rfe1 Rd7 21.
Rb2 f6 22. Bf4 Kf7 23. Rbe2 Nd5 24. Bxd5+ cxd5 25. Bc1 Rc8 26. Ba3 Rxc3 27. Re7+
Rxe7 28. Rxe7+ Kg8 29. Rxa7 Rxf3 30. Ra8+ Kh7 31. Ra7 Bf5 32. Kg2 Be4 33. Kg1
Kg8 34. Ra8+ Kf7 35. Ra7+ Ke6 36. Bf8 g6 37. Ra3 Rxa3 38. Bxa3 Bb1 39. Kf2 Bxa2
40. Ke3 Bc4 41. g4 Kf7 42. h4 g5 43. hxg5 hxg5 44. Bd6 Kg6 45. Be7 b5 46. Kf3
Bb3 47. Bd6 Bd1+ 48. Kg3 f5 49. gxf5+ Kxf5 50. Be7 g4 51. Kf2 Ke4 52. Bc5 Bf3
53. Ke1 Kd3 54. Kf2 Kc3 55. Ke3 b4 0-1